000 00785cam a22002651 4500
999 _c5387
_d5387
001 10274161
003 GBCCL
005 20241126110540.0
008 800429s1956 tnu 000 0 eng
010 _a 56023822
035 _a(OCoLC)6260102
040 _aDLC
_cNcRS
_dNcRS
_dDLC
042 _apremarc
050 0 0 _aBT77
_b.T83
082 _a230.6
_bTUR
100 1 _aTurner, John Clyde,
_d1878-
_99687
245 1 0 _aThese things we believe
_c[by] J. Clyde Turner.
260 _aNashville,
_bConvention Press
_c[c1956]
300 _a134 p.
_c20 cm.
650 0 _aTheology, Doctrinal
_xPopular works.
_9315
650 0 _aBaptists
_xControversial literature.
_99688
650 0 _aBaptists
_xDoctrines.
_91797
906 _a7
_bcbc
_coclcrpl
_du
_encip
_f19
_gy-gencatlg
942 _2ddc
_cBK